Reinforced Soil and its Engineering Applications/ (Record no. 1131)

000 -LEADER
fixed length control field 00335 a2200109 4500
020 ## - INTERNATIONAL STANDARD BOOK NUMBER
International Standard Book Number 8188237558
082 ## - DEWEY DECIMAL CLASSIFICATION NUMBER
Classification number 624.15136 SAR
100 ## - MAIN ENTRY--PERSONAL NAME
Personal name Saran, Swami
245 ## - TITLE STATEMENT
Title Reinforced Soil and its Engineering Applications/
Statement of responsibility, etc. Swami Saran
260 ## - PUBLICATION, DISTRIBUTION, ETC.
Place of publication, distribution, etc. New Delhi :
Name of publisher, distributor, etc. I. K. International Pvt. Ltd.,
Date of publication, distribution, etc. 2006
300 ## - PHYSICAL DESCRIPTION
Extent x, 379p. :
Other physical details ill. ;
Dimensions 25 cm
650 ## - SUBJECT ADDED ENTRY--TOPICAL TERM
Topical term or geographic name entry element Soil -- Engineering
Holdings
Withdrawn status Lost status Damaged status Not for loan Permanent Location Current Location Shelving location Date acquired Total Checkouts Total Renewals Full call number Barcode Date last seen Date last checked out Price effective from Koha item type
        School of Civil and Environmental Engineering (SCEE) School of Civil and Environmental Engineering (SCEE)     1 1 624.15136 SAR NIT-3740 07/27/2021 10/17/2019 01/05/2017 Book
© 2023 Central Library, National University of Sciences and Technology. All Rights Reserved.